La postrera salida de Don Quijote : (Record no. 186774)
[ view plain ]
| 000 -LEADER | |
|---|---|
| campo de control de longitud fija | 00815nam a2200217 i 4500 |
| 001 - NÚMERO DE CONTROL | |
| campo de control | 186774 |
| 003 - IDENTIFICADOR DE NÚMERO DE CONTROL | |
| campo de control | ES-MaACL |
| 005 - FECHA Y HORA DE LA ÚLTIMA TRANSACCIÓN | |
| campo de control | 20250918175751.0 |
| 008 - DATOS DE LONGITUD FIJA--INFORMACIÓN GENERAL | |
| campo de control de longitud fija | 170214s1910 sp |||| | spa d |
| 080 ## - NÚMERO DE LA CLASIFICACIÓN DECIMAL UNIVERSAL | |
| Número de la Clasificación Decimal Universal | 821.134.2-32"19" |
| 100 1# - ENTRADA PRINCIPAL--NOMBRE DE PERSONA | |
| Nombre de persona | Antón del Olmet, Luis, |
| Fechas asociadas al nombre | 1886-1923 |
| 9 (RLIN) | 21947 |
| 245 13 - MENCIÓN DEL TÍTULO | |
| Título | La postrera salida de Don Quijote : |
| Resto del título | novela / |
| Mención de responsabilidad, etc. | de Luis Anton del Olmet ; ilustraciones de Medina-Vera. |
| 260 ## - PUBLICACIÓN, DISTRIBUCIÓN, ETC. | |
| Lugar de publicación, distribución, etc. | Madrid : |
| Nombre del editor, distribuidor, etc. | Los Contemporáneos, |
| Fecha de publicación, distribución, etc. | 1910 ( |
| Fabricante | Imp. de "Alrededor del Mundo") |
| 300 ## - DESCRIPCIÓN FÍSICA | |
| Extensión | [20] p. : |
| Otras características físicas | il. ; |
| Dimensiones | 28 cm. |
| 490 1# - MENCIÓN DE SERIE | |
| Mención de serie | Los contemporáneos ; |
| Designación de volumen o secuencia | 77 |
| 650 #4 - PUNTO DE ACCESO ADICIONAL DE MATERIA--TÉRMINO DE MATERIA | |
| Término de materia o nombre geográfico como elemento de entrada | Don Quijote (Personaje de ficción)- |
| Subdivisión de forma | Novelas. |
| 9 (RLIN) | 158737 |
| 700 1# - ENTRADA AGREGADA--NOMBRE PERSONAL | |
| Nombre de persona | Medina Vera, Inocencio, |
| Fechas asociadas al nombre | 1876-1918 |
| 9 (RLIN) | 79756 |
| 830 1# - PUNTO DE ACCESO ADICIONAL DE SERIE-TÍTULO UNIFORME | |
| Título uniforme | Los contemporáneos ; |
| Designación de volumen o secuencia | 77 |
| 9 (RLIN) | 185715 |
| 852 ## - LOCALIZACIÓN | |
| Ubicación | ES-MaACL |
| Número de control de estantería | R-2598(22) |
| Estatus retirado | Estado de pérdida | Estado de daño | No para préstamo | Biblioteca de origen | Biblioteca actual | Ubicación en estantería | Fecha de adquisición | Fuente de adquisición | Total de préstamos | Signatura topográfica completa | Código de barras | Visto por última vez | Precio de reemplazo | Tipo de ítem Koha |
|---|---|---|---|---|---|---|---|---|---|---|---|---|---|---|
| Biblioteca del Ateneo de Madrid | Biblioteca del Ateneo de Madrid | Depósito | 14/02/2017 | R-2598(22) | 1197010 | 23/02/2023 | 23/02/2023 | Libro impreso |
